00679nam a2200169Ia 4500008004100000020001800041082001900059245008900078250001000167260006100177300001100238500004300249650004000292700005500332952010500387999001700492120622s9999 xx 000 0 und d a0-673-19322-5 a650 A238o 1991 aAdministración y organización / Mario Sverdlik, J. Clifton Williams ... [et al.] a2a ed aEstados Unidos : Harper Collins Publishers Latin America a594 p. aIncluye glosario e índice temático a1. ADMINISTRACION \ 2. ORGANIZACION aSverdlik, Mario \ Williams, J. Clifton ; coaut.Ì 00104070a01b01d2007-01-25l1o650 A238O 1991p01 009705r2018-11-23s2018-11-23w2012-06-24yLB c59571d59571